Top notch interviews : (Record no. 439)

MARC details
000 -LEADER
fixed length control field 01238cam a2200325 a 4500
005 - DATE AND TIME OF LATEST TRANSACTION
control field 20260322212020.0
008 - FIXED-LENGTH DATA ELEMENTS--GENERAL INFORMATION
fixed length control field data
010 ## - LIBRARY OF CONGRESS CONTROL NUMBER
LC control number 2010003396
020 ## - INTERNATIONAL STANDARD BOOK NUMBER
International Standard Book Number 9781601631145
020 ## - INTERNATIONAL STANDARD BOOK NUMBER
International Standard Book Number 1601631146
020 ## - INTERNATIONAL STANDARD BOOK NUMBER
Canceled/invalid ISBN 9781601637437 (ebook)
020 ## - INTERNATIONAL STANDARD BOOK NUMBER
International Standard Book Number 1601637438 (ebook)
020 ## - INTERNATIONAL STANDARD BOOK NUMBER
International Standard Book Number 9781601637437 (ebook)
037 ## - SOURCE OF ACQUISITION
Stock number 1309762
Source of stock number/acquisition QBI
040 ## - CATALOGING SOURCE
Original cataloging agency DLC
Transcribing agency DLC
Modifying agency DLC
-- BTCTA
-- VKC
-- YDXCP
-- ZAD
-- DLC
050 00 - LIBRARY OF CONGRESS CALL NUMBER
Classification number HF5549.5.I6
Item number D383 2010
082 00 - DEWEY DECIMAL CLASSIFICATION NUMBER
Classification number 650.14/4
Edition information 22
092 ## - LOCALLY ASSIGNED DEWEY CALL NUMBER (OCLC)
Classification number 650.14 D383 2010
001 - CONTROL NUMBER
control field data
100 1# - MAIN ENTRY--PERSONAL NAME
Personal name Davis, Brian,
Dates associated with a name 1970-
245 10 - TITLE STATEMENT
Title Top notch interviews :
Remainder of title tips, tricks, and techniques from the first call to getting the job you want /
Statement of responsibility, etc. Brian Davis.
260 ## - PUBLICATION, DISTRIBUTION, ETC.
Place of publication, distribution, etc. Franklin Lakes, NJ :
Name of publisher, distributor, etc. Career Press,
Date of publication, distribution, etc. c2010.
300 ## - PHYSICAL DESCRIPTION
Extent 218 p. ;
Dimensions 23 cm.
500 ## - GENERAL NOTE
General note Includes index.
650 #0 - SUBJECT ADDED ENTRY--TOPICAL TERM
Topical term or geographic name entry element Employment interviewing.
650 #0 - SUBJECT ADDED ENTRY--TOPICAL TERM
Topical term or geographic name entry element Job hunting.
906 ## - LOCAL DATA ELEMENT F, LDF (RLIN)
a 7
b cbc
c orignew
d 1
e ecip
f 20
g y-gencatlg
925 0# -
-- acquire
-- 2 shelf copies
-- policy default
955 ## - COPY-LEVEL INFORMATION (RLIN)
-- rd05 2010-02-12
-- rg05 2010-07-28 Z-CipVer (telework)
-- re03 2010-08-19 copy 2 added
Holdings
Withdrawn status Lost status Damaged status Not for loan Home library Current library Shelving location Date acquired Total checkouts Full call number Barcode Date last seen Price effective from Koha item type
        Springfield Springfield General stacks 22/03/2026   650.14/4 22 BC0010450 22/03/2026 22/03/2026 Books